000 00660nam a2200229Ia 4500
008 101110s9999 xx 000 0 und d
041 _aENGLISH
082 _bSR28578
100 _aSchildt Herbert
245 _aJava 2 : the compelete reference, 5th edition
260 _c2006
_bTata McGraw Hill Publication, New delhi
300 _a1168
365 _b425
520 _aComputer
520 _aSent to Sr. It Dept. with one CD, dt.14/7/06
546 _aENGLISH
630 _aJava 2 : the compelete reference, 5th edition
650 _aComputer
655 _aComputer
730 _aJava 2 : the compelete reference, 5th edition
942 _cBOOK
999 _c821110
_d821107